logo

Bir Sreshtho Munshi Abdur Rouf Library
Jhenaidah Cadet College

Heath Mathematics / (Record no. 5173)

MARC details
000 -LEADER
fixed length control field 00602nam a2200229 a 4500
001 - CONTROL NUMBER
JCCL Control Number 5173
003 - CONTROL NUMBER IDENTIFIER
JCCL marc code BD-JhCC
005 - DATE AND TIME OF LATEST TRANSACTION
control field 20180714181751.0
008 - FIXED-LENGTH DATA ELEMENTS--GENERAL INFORMATION
fixed length control field 171210s1985 u a|||| || | 001 0 eng d
035 ## - SYSTEM CONTROL NUMBER
system control number (BD-JhCC)5173
040 ## - CATALOGING SOURCE
Original cataloging agency BD-JhCC
Modifying agency BD-JhCC
041 ## - LANGUAGE CODE
Language code of Book eng
082 ## - DEWEY DECIMAL CLASSIFICATION NUMBER
Classification number 511
Author mark and Year RUC 1985
100 ## - MAIN ENTRY--PERSONAL NAME
Personal name Rucker, Walter E.
245 ## - TITLE STATEMENT
Title Heath Mathematics /
Statement of responsibility, etc Walter E. Rucker, Clyde A. Dilley & David W. Lowry
260 ## - PUBLICATION, DISTRIBUTION, ETC. (IMPRINT)
Place of publication, distribution, etc USA :
Name of publisher, distributor, etc D. C. Health Company,
Date of publication, distribution, etc 1985.
300 ## - PHYSICAL DESCRIPTION
Pagination 474 p. :
Dimensions 24 cm.
650 ## - SUBJECT ADDED ENTRY--TOPICAL TERM
Topical term or geographic name as entry element Mathmatics
700 ## - ADDED ENTRY--PERSONAL NAME
Personal name Dilley, Clyde A.
942 ## - ADDED ENTRY ELEMENTS (KOHA)
Source of classification or shelving scheme Dewey Decimal Classification
Koha item type Books
Holdings
Source of classification or shelving scheme Damaged status Not for loan Home library Current library Shelving location Date of accession Source of acquisition Total Checkouts Full call number Barcode Date last seen Copy number Koha item type Method of acquisition Currency
Dewey Decimal Classification     JCC Rouf Library JCC Rouf Library General Stacks 12/10/2017 The Asia Foundation   511 RUC 1985 6990 12/10/2017 C-1 Books    
Dewey Decimal Classification     JCC Rouf Library JCC Rouf Library General Stacks       511 RUC 1985 7797 12/19/2017 C - 3 Books    
Dewey Decimal Classification     JCC Rouf Library JCC Rouf Library General Stacks 02/28/2018 Asia foundation   511 RUC 1985 11093 02/28/2018 C-2 Books    
Dewey Decimal Classification     JCC Rouf Library JCC Rouf Library General Stacks       511 RUC 1985 11078 03/01/2018 C - 4 Books    
Dewey Decimal Classification     JCC Rouf Library JCC Rouf Library General Stacks       511 RUC 1985 11772 03/04/2018 C - 5 Books    
Dewey Decimal Classification     JCC Rouf Library JCC Rouf Library General Stacks       511 RUC 1985 12123 03/08/2018 C - 6 Books    
Dewey Decimal Classification     JCC Rouf Library JCC Rouf Library General Stacks 10/16/2023     511 RUC 1985 11182 11/01/2023 C-7 Books Purchase USD

JCC Library | Contacts | JCC Home

Last Update on 23 September 2017
Copyright @ 2017-2020 JCC Rouf Library
Rouf Library, Jhenidah Cadet College (JCC), Bangladesh